000 00269nmm a2200097Ia 4500
008 220120s9999||||xx |||||||||||||||||und||
020 _a81-203-2165-0
100 _aEFY
245 0 _aFree source code and digital library inside
260 _aEFY enterprises
_bNew Delhi
_c2015
999 _c139963
_d139963